| 000 | 00478nam a22001817a 4500 | ||
|---|---|---|---|
| 003 | CEME | ||
| 005 | 20210628201926.0 | ||
| 008 | 210208b xxu||||| |||| 00| 0 eng d | ||
| 020 | _a81-203-2197-9 | ||
| 040 | _c. | ||
| 082 | _a621.319 KOT | ||
| 100 |
_aKothari, D.P ,Dhillon, J.S _957447 |
||
| 245 | _aPower system optimization | ||
| 260 |
_aNEW DELHI _bPRENTICE HALL OF INDIA _c2004 |
||
| 300 | _aXII,572P | ||
| 650 |
_aPOWER SYSTEM OPTIMIZATION _957448 |
||
| 942 |
_cBK _2ddc |
||
| 999 |
_c567727 _d567727 |
||